Bible by Letter - E - Statistics

General Stats
  • This quiz has been taken 97 times
    95 since last reset
  • The average score is 9 of 15
Answer Stats
Hint Answer % Correct
First woman Eve
95%
Adam and Eve were forbidden to eat from the Tree of the Knowledge of Good and ____ Evil
86%
Second book of the Torah (law) Exodus
77%
Prophet who was taken to heaven on a flaming chariot Elijah
76%
Name given to the letters written by Paul Epistles
72%
One of the four rivers mentioned in Genesis Euphrates
63%
Paul wrote the Book of Ephesians to which city? Ephesus
62%
Wife of Zachariah, cousin of Mary, who was the mother of Jesus Elizabeth
55%
The only book of the Bible to not mention the word God Esther
55%
Prophet who wrote a book of the Bible (with the same name as him) Ezekiel
55%
Successor of the above Elisha
54%
Book of the Bible after Proverbs Ecclesiastes
50%
Person taken to heaven after living 365 years, in Genesis Enoch
50%
Son of Joseph, one of the twelve tribes Ephraim
27%
Left-handed judge of Israel Ehud
8%
No matching quizzes found
Score Distribution
Percent of People with Each Score
Percentile by Number Answered
Your Score History
You have not taken this quiz since the last reset